000
00285nam a22001337a 4500
008
210429b ||||| |||| 00| 0 eng d
041
_a
eng
080
_a
030
082
_a
030
100
_a
23
101
_a
ENC
245
_a
Encyclopedia of the Opera
_c
David Ewen
942
_2
udc
_c
BK
999
_c
57001
_d
57001